| 000 | 01586nam a2200337 i 4500 | ||
|---|---|---|---|
| 001 | 768714001 | ||
| 003 | CO-MdFUSB | ||
| 005 | 20231107114256.0 | ||
| 007 | ta | ||
| 008 | 230622t1994 -us||||| |||| 00| 0 eng d | ||
| 020 | _a9780881131826 | ||
| 040 |
_aCO-MdFUSB _bspa _cCO-MdFUSB _dCO-MdFUSBC _erda |
||
| 041 | _aspa | ||
| 082 |
_223 _a248.2 _bL931t |
||
| 100 |
_aLucado, Max _eautor |
||
| 240 | _aHe still moves stones | ||
| 245 |
_aTodavía remueve piedras _c/ Max Lucado ; traducido por Erma L. Ducasa |
||
| 264 | 1 |
_aMiami, Florida : _bBetania, _c[1994] |
|
| 264 | 4 | _c© 1994 | |
| 300 |
_a 240 páginas ; _c; 22 cm |
||
| 336 |
_2rdacontent _atexto _btxt |
||
| 337 |
_2rdamedia _asin mediación _bn |
||
| 338 |
_2rdacarrier _avolumen _bnc |
||
| 505 |
_tParte I: La caña cascada _aNo culpable -- No se pierda la fiesta -- Cuando usted y los suyos no congenian -- Se permite volver a soñar -- Leche cortada -- Un presentimiento loco y una esperanza sublime -- Por siempre joven -- Lea la historia |
||
| 505 |
_tParte II: El pábilo humeante _aEl poder de una oración tímida -- Luces brillantes en las noches oscuras -- La cosa más difícil que Dios haya hecho jamás --Aquello que solo Dios puede hacer -- Gracia de Galilea -- La ternura de Dios -- El loco convertido en misionero -- Ver lo invisible -- La oración de José -- Ante la tumba -- Cristianismo indiferente -- La galería del removedor de piedras |
||
| 563 | _arustico | ||
| 650 | 0 |
_919 _aVida cristiana |
|
| 700 |
_92161 _aSwindoll de Ducasa, Erma Lovell. _etraductor |
||
| 942 | _cBK | ||
| 945 | _aMag1104 | ||
| 999 |
_c68967 _d68967 |
||